LEADER 01027nam0-22003131i-450- 001 990008099760403321 005 20050427154056.0 035 $a000809976 035 $aFED01000809976 035 $a(Aleph)000809976FED01 035 $a000809976 100 $a20050427d2004----km-y0itay50------ba 101 0 $aeng 102 $aIT 105 $aa---a---001yy 200 1 $aStructure and change in european industry$ea (preliminary) two-digit analysis of recent trends in the intra-EU location of industrial activities$fby Fabrizio Trał and Giuliana Caponera 210 $aRoma$c[s.n.]$d2004 215 $a45 p.$d21 cm 225 1 $aCSC Working Paper$fCentro Studi Confindustria$v51 320 $aBibliografia: pp. 44-45. 700 1$aTrał,$bFabrizio$0374888 701 1$aCaponera,$bGiuliana$0425681 801 0$aIT$bUNINA$gRICA$2UNIMARC 901 $aBK 912 $a990008099760403321 952 $aPaper 6.1/04.51$fSES 959 $aSES 996 $aStructure and change in european industry$9753799 997 $aUNINA LEADER 01164nam0 22002651i 450 001 UON00194493 005 20231205103228.600 010 $a88-8114-009-8 100 $a20030730d1995 |0itac50 ba 101 $aita 102 $aIT 105 $a|||| ||||| 200 1 $a Mezzogiorno e pirateria nell'etą moderna (secoli XVI-XVIII)$fMirella Mafrici. - Napoli$eEdizioni Scientifiche Italiane, 1995. 349 p. ; 24 cm. 410 1$1001UON00173049$12001 $a Pubblicazioni dell'Universitą degli Studi di Salerno. Sezione di Studi storici $1210 $aNapoli$cESI.$v7 606 $aPIRATERIA STORIA$3UONC038581$2FI 620 $aIT$dNapoli$3UONL000012 676 $a387.509$cTrasporti marittimi. Storia$v21 700 1$aMAFRICI$bMirella$3UONV115290$0437952 712 $aESI$3UONV265594$4650 801 $aIT$bSOL$c20240220$gRICA 899 $aSIBA - SISTEMA BIBLIOTECARIO DI ATENEO$2UONSI 912 $aUON00194493 950 $aSIBA - SISTEMA BIBLIOTECARIO DI ATENEO$dSI III STORIAEUR C A 0542 $eSI SC 29451 5 0542 996 $aMezzogiorno e pirateria nell'etą moderna$9216951 997 $aUNIOR